000 00295nam a2200109 4500
008 160629b xxu||||| |||| 00| 0 eng d
100 _91309
_a Gupta, B.L
245 _aIndia Economic Development - XI
260 _aN.D
_b Arya
_c2005
300 _aIndia Economic Development - XI
942 _2ddc
_cBK
999 _c1072
_d1072